000 01804nam a2200445 i 4500
001 ELB43867
003 FlNmELB
006 m o d |
007 cr cnu||||||||
008 170808s2017 sp o 001 0 spa d
020 _a9788416230730 (e-book)
020 _z9788416230754
035 _a(MiAaPQ)EBC4870190
035 _a(Au-PeEL)EBL4870190
035 _a(CaPaEBR)ebr11392309
035 _a(OCoLC)1105860459
040 _aFINmELB
_bspa
_erda
_cFINmELB
050 4 _aKKT2070
_bE371 2017
080 _a342
082 0 _a342.46
_223
245 0 3 _aEl pensamiento territorial de la segunda república española :
_bestudio y antología de textos /
_cDaniel Guerra Sesma, editor.
264 1 _aSevilla :
_bAthenaica Ediciones Universitarias,
_c2017.
300 _a1 recurso en línea (493 páginas)
336 _atexto
_btxt
_2rdacontent/spa
337 _acomputadora
_bc
_2rdamedia/spa
338 _arecurso en línea
_bcr
_2rdacarrier/spa
490 1 _aClásicos e inéditos del Derecho público español
500 _aIncluye índice.
588 _aDescripción basada en recurso en línea; Título de la página del título en PDF (e-libro, visto August 8, 2017).
590 _aRecurso electronico. Santa Fe, Arg. : e-libro, 2016. Disponible via World Wide Web. El acceso puede ser limitado para las bibliotecas afiliadas a e-libro.
650 0 _aConstitutional law
_zSpain
_xHistory.
650 4 _aDerecho constitucional
_zEspaña
_xHistoria.
650 0 _aAdministrative law
_zSpain.
650 4 _aDerecho administrativo
_zEspaña.
655 4 _aLibros electrónicos.
700 1 _aGuerra Sesma, Daniel,
_eeditor.
797 2 _ae-libro, Corp.
830 0 _aClásicos e inéditos del Derecho público español.
856 4 0 _uhttps://elibro.net/ereader/usam/43867
999 _c142235
_d142235